000 00754cab a2200229 4500
001 WB2932-43
008 090401t1993 xxu||||| |||| 00| 0 eng d
035 _a(Sirsi) u11684
041 _aeng
245 _aWeeding out legislation
260 _c1993
350 _a0
490 _aCS Monthly : Rural Practice
_v3(1) September 1993, 2(1)
520 _aThe Government looks set to repeal the Weeds Act of 1959 which empowered agriculture ministers to serve notices on occupiers of land where certain weeds were growing to enforce control. Little use has been made of the legislation.
650 _aAGRICULTURE
650 _aLAND
650 _aWEEDS ACT 1959
650 _aWEEDS
690 _aRURAL PRACTICE
942 _n0
948 _c04/03/1997
999 _c7458
_d7458